000 00875nam a2200229 4500
001 109548
003 ES-MaACL
005 20230906184850.0
007 t|
008 061121s1976 sp r ||||1| spa d
100 1 _aMumenthaler, M.
_984165
245 1 0 _aPatología de los nervios periféricos
_b: Diagnóstico y tratamiento /
_cbajo la dirección de M. Mumenthaler, H. Schliack; prefacio a la edición española por J. de Palacios y Carvajal; versión de Santiago Amaya Alarcón, José Ignacio Abad Rico.
250 _a1ª. ed.
260 _aBarcelona :
_bToray,
_c1976.
300 _aXVI, 427 p. :
_bil. ;
_c24 cm.
700 1 _aSchliack, H.
_9104419
700 1 _aPalacios y Carvajal, J. de.
_988445
700 1 _aAmaya Alarcón, Santiago.
_921159
700 0 _aAbad Rico, José Ignacio,
_917937
852 _aES-MaACL
_jA-6049
_bR.95161
999 _c109548
_d109548